Read the small print and don't lose out (Record no. 79555)
[ view plain ]
| 000 -LEADER | |
|---|---|
| fixed length control field | 00986cab a22002295a 4500 |
| 001 - CONTROL NUMBER | |
| control field | L141632 |
| 008 - FIXED-LENGTH DATA ELEMENTS--GENERAL INFORMATION | |
| fixed length control field | 071206e20071124xxk f 000 0 eng d |
| 035 ## - SYSTEM CONTROL NUMBER | |
| System control number | (Sirsi) u141632 |
| 041 0# - LANGUAGE CODE | |
| Language code of text/sound track or separate title | eng |
| 100 1# - MAIN ENTRY--PERSONAL NAME | |
| Personal name | Dymond, Tony |
| 245 00 - TITLE STATEMENT | |
| Title | Read the small print and don't lose out |
| 260 ## - PUBLICATION, DISTRIBUTION, ETC. | |
| Date of publication, distribution, etc. | 2007 |
| 490 #0 - SERIES STATEMENT | |
| Series statement | Estates Gazette |
| Volume/sequential designation | (0747) 24 November 2007, 163(1) |
| 520 ## - SUMMARY, ETC. | |
| Summary, etc. | Suggests that public liability insurance policies usually provide cover only for third-party claims, not comprehensive cover. Advises that a contract extension might not provide more cover, unless it is specifically worded. Urges developers to be cautious. (See L140935). |
| 590 ## - LOCAL NOTE (RLIN) | |
| Local note | KA |
| 650 24 - SUBJECT ADDED ENTRY--TOPICAL TERM | |
| Topical term or geographic name entry element | TESCO STORES LTD V CONSTABLE AND OTHERS |
| 651 #4 - SUBJECT ADDED ENTRY--GEOGRAPHIC NAME | |
| Geographic name | United Kingdom |
| Chronological subdivision | |
| 690 ## - LOCAL SUBJECT ADDED ENTRY--TOPICAL TERM (OCLC, RLIN) | |
| Topical term or geographic name as entry element | MANAGEMENT-BUSINESS MANAGEMENT-INSURANCE-PROPERTY INSURANCE |
| 700 1# - ADDED ENTRY--PERSONAL NAME | |
| Personal name | Mendelblat, Michael |
| 856 ## - ELECTRONIC LOCATION AND ACCESS | |
| Uniform Resource Identifier | <a href="https://www.vlebooks.com/">https://www.vlebooks.com/</a> |
| Public note | View on VLEbooks. Logins for members only from [email protected] |
| 942 ## - ADDED ENTRY ELEMENTS (KOHA) | |
| Suppress in OPAC | 0 |
| Withdrawn status | Lost status | Source of classification or shelving scheme | Damaged status | Not for loan | Home library | Current library | Shelving location | Date acquired | Total Checkouts | Full call number | Barcode | Date last seen | Copy number | Price effective from | Koha item type |
|---|---|---|---|---|---|---|---|---|---|---|---|---|---|---|---|
| Dewey Decimal Classification | London | London | Journal article | 06/12/2007 | L141632 | 141632-1001 | 06/08/2019 | 1 | 06/08/2019 | Journal article |